[Event "Novosibirsk Region-ch sf"]
[Site "Novosibirsk"]
[Date "2010.10.21"]
[Round "6"]
[White "Pomanov, Viktor"]
[Black "Nikitin, Gennady Sergeevich"]
[Result "1/2-1/2"]
[WhiteElo "1947"]
[BlackElo "2109"]
[PlyCount "72"]
[EventDate "2010.??.??"]
[EventType "swiss"]
[EventRounds "9"]
[EventCountry "RUS"]
[SourceTitle "EXT 2014"]
[Source "ChessBase"]
[SourceDate "2013.11.20"]
[SourceVersion "1"]
[SourceVersionDate "2013.11.20"]
[SourceQuality "1"]

1. d4 Nf6 2. c4 g6 3. Nc3 Bg7 4. e4 d6 5. Bd3 0-0 6. Nge2 e5 7. 0-0 Nbd7 8. f3 exd4 9. Nxd4 Ng4 10. Nde2 Nge5 11. b3 Nxd3 12. Qxd3 Nc5 13. Qd2 f5 14. b4 Na4 15. Rb1 Nb6 16. c5 dxc5 17. Qxd8 Rxd8 18. bxc5 Nc4 19. Nd5 Rd7 20. Bf4 Ne5 21. Rfd1 fxe4 22. fxe4 c6 23. Ne3 Rxd1+ 24. Rxd1 Be6 25. a3 Re8 26. Nd4 Bf7 27. Nf3 Nc4 28. Ng5 Nxe3 29. Bxe3 Bc4 30. Rd7 h6 31. Bd4 Bf8 32. Nh7 Re7 33. Nxf8 Kxf8 34. Rxe7 Kxe7 35. Kf2 Ke6 36. Ke3 Bf1 1/2-1/2